| Tag |
First Indicator |
Second Indicator |
Subfields |
| LEADER |
00000cam a2200000 a 4500 |
| 001 |
in00000075639 |
| 005 |
20151008053654.0 |
| 008 |
801120s1979 txua b s00010 engm |
| 010 |
|
|
|a 79623970
|
| 020 |
|
|
|c $1.00
|
| 035 |
|
|
|a (OCoLC)07172056
|
| 035 |
|
|
|9 AAH8234AM
|
| 040 |
|
|
|a DLC
|c DLC
|d m.c.
|d TXA
|d UtOrBLW
|
| 043 |
|
|
|a n-us-tx
|a n-ust--
|
| 049 |
|
|
|a TXAM
|c [800199]
|
| 050 |
0 |
0 |
|a QL737.R654
|b H66
|
| 082 |
0 |
|
|a 599.32/32
|2 19
|
| 100 |
1 |
|
|a Honeycutt, Rodney L.
|
| 245 |
1 |
0 |
|a Chromosomal and morphological variation in the plains pocket gopher, Geomys bursarius, in Texas and adjacent states /
|c Rodney L. Honeycutt and David J. Schmidly.
|
| 264 |
|
1 |
|a [Lubbock] :
|b Museum, Texas Tech University,
|c 1979.
|
| 300 |
|
|
|a 54 pages :
|b illustrations ;
|c 23 cm.
|
| 336 |
|
|
|a text
|b txt
|2 rdacontent
|
| 337 |
|
|
|a unmediated
|b n
|2 rdamedia
|
| 338 |
|
|
|a volume
|b nc
|2 rdacarrier
|
| 490 |
1 |
|
|a Occasional papers / The Museum, Texas Tech University ;
|v no. 58
|
| 500 |
|
|
|a Caption title.
|
| 504 |
|
|
|a Bibliography: pages 51-54.
|
| 650 |
|
0 |
|a Geomys bursarius
|x Variation.
|
| 650 |
|
0 |
|a Geomys bursarius
|x Genetics.
|
| 650 |
|
0 |
|a Mammals
|x Variation.
|
| 650 |
|
0 |
|a Mammals
|x Genetics.
|
| 650 |
|
0 |
|a Mammals
|z Texas.
|
| 650 |
|
0 |
|a Mammals
|z West (U.S.)
|
| 700 |
1 |
|
|a Schmidly, David J.
|
| 830 |
|
0 |
|a Occasional papers (Texas Tech University. Museum) ;
|v no. 58.
|
| 999 |
|
|
|a MARS
|
| 999 |
f |
f |
|s 6e11bf92-49d3-395d-b81f-7ed2247c4400
|i c3fcc6fa-9921-306e-abf6-c5d92b55f7eb
|t 0
|
| 952 |
f |
f |
|p ric
|a Texas A&M University
|b Rellis Campus
|c Joint Library Facility
|d Remote Storage
|t 0
|e QL737.R654 H66
|h Library of Congress classification
|i unmediated -- volume
|m A14806222225
|
| 998 |
f |
f |
|a QL737.R654 H66
|t 0
|l Remote Storage
|